1916 1816 1747 1629 1715 1019 1037 1359 1790 1102 1012 1847 1519 1781 1607 1449 1223 1637 1194 1133 1869 1706 1010 1470 1733 1307 1536 1675 1169 1899 1395 1298 1612 1589 1201 1716 1874 1975 1486 1685 1016 1964 1146 1608 1093 1090 1854 1106 1325 1272 1417 1596 1408 1175 1015 1113 1852 1584 1714 1312 1698 1295 1792 1017 1096 1643 1276 1804 1810 1580 1839 1857 1770 1688 1633 1291 1403 1883 1989 1312 1189 1598 1194 1150 1382 1829 1423 1911 1126 1677 1598 1090 1555 1195 1873 1629 1463 1527 1630 BCNSPRNW ULIB Ver.6.0+V

เปลี่ยนเป็นภาษาไทย

Change to English
 แสดงรายละเอียดบรรณานุกรม
  กลับหน้าหลัก

Brief Record : Get Marc (ISO 2709) : E-mail record : QR code < ปิดหน้าต่าง
LEADER : 00000nam 2200000uu 4500
001    13399120751
003     ULIB
008    121009s2551||||th 000 0 tha d
020    ^a9789741109296
060 04 ^aWC503^bก724ร
100 0  กุลกัญญา โชคไพบูลย์กิจ
245 00 ^aโรคติดเชื้อเอชไอวี/เอดส์ในเด็ก :^bตำราเพื่อบุคลากรที่ดูแลรักษาเด็กและครอบครัวที่ติดเชื้อเอชไอวี /^cบรรณาธิการ, กุลกัญญา โชคไพบูลย์กิจ
250    ^aพิมพ์ครั้งที่ 1
260    ^aกรุงเทพฯ :^bสาขาวิชาโรคติดเชื้อ ภาควิชากุมารเวชศาสตร์คณะแพทยศาสตร์ศิริราชพยาบาล,^c2551
300    ^a350 หน้า :^bภาพประกอบ ;^c24 ซม.
500    ^aหนังสือได้รับรางวัลประเภทชมเชย รางวัลตำราศิริราช-มหิดล ปี2551
650  7 ^aผู้ติดเชื้อเอชไอวี
650  7 ^aโรคเอดส์ในเด็ก
650  7 ^aกลุ่มอาการภูมิคุ้มกันเสื่อม^xในวัยทารกและวัยเด็ก
650  7 ^aรางวัลตำราศิริราช-มหิดล
653    ^aผลงานอาจารย์คณะแพทยศาสตร์ศิริราชพยาบาล
700 0  ^aกุลกัญญา โชคไพบูลย์กิจ,^eบรรณาธิการ
710 2  ^aมหาวิทยาลัยมหิดล. ^bคณะแพทยศาสตร์ศิริราชพยาบาล.^bภาควิชากุมารเวชศาสตร์
945    ^p400^l0^i15427
995    ^aทศพร
999    ^aทศพร เกษรทอง
รายการนี้ยังไม่มีแท็ก
คุณยังไม่ได้ล็อกอิน คุณสามารถมีกิจกรรมร่วมกับเว็บไซต์ได้ แต่ต้องล็อกอินก่อน ::
  ล็อกอิน

รายการสื่อสารสนเทศ

ลำดับที่ ประเภท เลขเรียก/บาร์โค้ด สถานที่ สถานะ
1. วิทยาศาสตร์การแพทย์ และสุขภาพ
วิทยาศาสตร์การแพทย์ และสุขภาพ
WC503 ก724ร ฉ.1 
  Barcode: 15427
ห้องสมุดวิทยาเขตสวรรค์ประชารักษ์
►หนังสือทั่วไป
บนชั้น

รายการใกล้เคียง
    ผู้แต่ง [กุลกัญญา โชคไพบูลย์กิจ]

    หัวเรื่อง [ผู้ติดเชื้อเอชไอวี]
    หัวเรื่อง [โรคเอดส์ในเด็ก]
    หัวเรื่อง [รางวัลตำราศิริราช-มหิดล]

BibComment


ยังไม่เคยถูกคอมเมนท์

คอมเมนท์ทรัพยากรรายการนี้
  คอมเมนท์: โรคติดเชื้อเอชไอ..


 Copyright 2026. Bcnsprnw @Library